[Event "FRA-ch opA U18"]
[Site "Calvi"]
[Date "2005.04.??"]
[Round "8"]
[White "Bolla, Benjamin"]
[Black "Rochet, Hermes"]
[Result "0-1"]
[WhiteElo "1780"]
[BlackElo "1790"]
[PlyCount "106"]
[EventDate "2005.04.??"]
[EventType "swiss"]
[EventRounds "9"]
[EventCountry "FRA"]
[SourceTitle "EXT 2006"]
[Source "ChessBase"]
[SourceDate "2005.11.24"]
[SourceVersion "1"]
[SourceVersionDate "2005.11.24"]
[SourceQuality "1"]

1. e4 c5 2. b3 Nc6 3. Bb2 d6 4. Bc4 e6 5. Bb5 Nf6 6. d3 Be7 7. Bxc6+ bxc6 8. e5 dxe5 9. Bxe5 Qd5 10. Nf3 0-0 11. c4 Qd7 12. 0-0 Rd8 13. Bg3 Ne4 14. Ne5 Qe8 15. Qf3 Ng5 16. Qe3 h6 17. f4 Nh7 18. Nc3 Bb7 19. Na4 Qf8 20. f5 exf5 21. Rxf5 Nf6 22. Bh4 Rd4 23. Raf1 Rxh4 24. Rxf6 Bxf6 25. Rxf6 gxf6 26. Qg3+ Qg7 27. Qxh4 fxe5 28. Nxc5 Bc8 29. Qe7 Bh3 30. g3 Qg5 31. Qxg5+ hxg5 32. Ne4 Bf5 33. Nxg5 Bxd3 34. Nf3 e4 35. Ne5 Re8 36. Ng4 e3 37. Nf6+ Kf8 38. Nxe8 Kxe8 39. h4 f5 40. c5 a5 41. a3 Kf7 42. b4 axb4 43. axb4 Kg6 44. Kg2 Kh5 45. Kf3 e2 46. Kf2 Kg4 47. b5 Bxb5 48. h5 Kxh5 49. g4+ Kxg4 50. Kg2 e1Q 51. Kh2 Bc4 52. Kg2 Bd5+ 53. Kh2 Qh1# 0-1

[Event "FRA-ch opA U18"]
[Site "Calvi"]
[Date "2005.04.??"]
[Round "4"]
[White "Rochet, Hermes"]
[Black "Leroy, Olivier"]
[Result "0-1"]
[WhiteElo "1790"]
[BlackElo "1980"]
[PlyCount "58"]
[EventDate "2005.04.??"]
[EventType "swiss"]
[EventRounds "9"]
[EventCountry "FRA"]
[SourceTitle "EXT 2006"]
[Source "ChessBase"]
[SourceDate "2005.11.24"]
[SourceVersion "1"]
[SourceVersionDate "2005.11.24"]
[SourceQuality "1"]

1. e4 c5 2. Nf3 d6 3. d4 cxd4 4. Nxd4 Nf6 5. Nc3 g6 6. Be3 Nc6 7. f3 Bg7 8. Qd2 0-0 9. Bc4 Bd7 10. 0-0-0 Qa5 11. Kb1 Ne5 12. Bb3 Rfc8 13. g4 Nc4 14. Bxc4 Rxc4 15. h4 Rac8 16. Nb3 Qc7 17. Bd4 b5 18. Rc1 a5 19. Nd5 Nxd5 20. exd5 Rxd4 21. Nxd4 Qc4 22. Ne2 a4 23. Rcd1 b4 24. h5 Bb5 25. Rhe1 b3 26. cxb3 axb3 27. Rc1 Qd3+ 28. Qxd3 Bxd3+ 29. Ka1 Ra8 0-1